Ilmu optik 1

Bibliographic Details
Main Author: Chatar Singh
Format: Book
Published: Pulau Pinang : Penerbit USM , 1990
Subjects:

MARC

LEADER 00000cam a2200000 7i4500
001 0000004854
002 000005234
005 20000330.0
020 |a 9679911853 
090 0 0 |a 535   |b CHA 
100 0 |a Chatar Singh 
245 1 0 |a Ilmu optik 1   |c Chatar Singh 
260 |a Pulau Pinang :   |b Penerbit USM ,   |c 1990 
300 |a 217p. ;   |c 25cm. 
650 0 0 |a Optics 
999 |a 034768   |b BUKU   |c PINJAMAN   |e PERPUSTAKAAN KOMUNITI PETALING JAYA